000 01001nam0a2200325 i 4500
001 RU\NLR\bibl\1910883
005 20260405120956.0
010 _a9785905173639
_930
021 _aRU
_b2012-34276
_92548
035 _a(nilc)RSL-KNO-005437982
035 _a(NLR Aleph) 001900419
090 _a3040738
_c3040738
100 _a20120521d2012 u y0rusy50 ca
101 0 _arus
102 _aRU
105 _aa |||||||||
200 1 _aФрилансер: основной инстинкт
_fС. Ребрик
210 _aМосква
_cЭдитус
_d2012
215 _a140 с.
_cил.
_d21
225 1 _aNew age fiction
686 _aШ5(2=Р)75-644
_2rubbk
686 _aШ6(2=Р)8-440.4
700 1 _4070
_8rus
_7ca
_aРебрик
_bС. Б.
_gСергей Борисович
_3RU\NLR\auth\7747066
_930001
801 0 _aRU
_bRuMoRKP
_c20120521
_grcr
801 1 _aRU
_bРГБ
_c20120521
801 2 _aRU
_bNLR
_c20120605
_grcr
942 _cBOOK
980 _aNBR